00357nam a2200133Ia 4500008004100000020002200041040002600063082001500089100003500104245003800139260002500177003000400202005001700206241127s9999||||xx |||||||||||||| ||und|| a9780072119695c00 bengcSSK Libraryerda a005.52/WEV a Peter Weverka & David A. Reid 0aWord 2000: The Complete Reference b Mcgraw Hillc©1999OSt20241127152834.0